[Event "FranzMeM"]
[Site "http://www.queenalice.com/game.php?id=893162"]
[Date "2011.1.30"]
[Round "2"]
[White "Tal0n"]
[Black "digger"]
[Result "1/2-1/2"]
[WhiteElo "1711"]
[BlackElo "1567"]

1. e4 e5 2. Nf3 Nc6 3. d4 d6 4. dxe5 dxe5 5. Qxd8+ Kxd8 6. Bg5+ f6 7. Be3 Be6 8.
Nc3 Nb4 9. O-O-O+ Bd7 10. Nb5 a6 11. Nc3 Ke8 12. a3 Nc6 13. Nd5 Rc8 14. h3 b5
15. g4 h5 16. g5 f5 17. exf5 Bxf5 18. Nh4 Be4 19. Bg2 Bxd5 20. Bxd5 Nce7 21. c4
c6 22. Bxg8 Nxg8 23. Ng6 Rh7 24. Nxe5 g6 25. Nxg6 Rg7 26. Nh4 Be7 27. Rhe1 Rc7
28. Nf5 Rg6 29. Nd6+ Kf8 30. Nf5 Bxg5 31. Rd8+ Bxd8 32. Rd1 Bf6 33. Bc5+ Be7 34.
Bb6 Rb7 35. Be3 Rf6 36. Ng3 h4 37. Ne4 Rg6 38. f4 bxc4 39. f5 Rd6 40. Nxd6 Rb3
41. Nxc4 Nf6 42. Bh6+ Kg8 43. Rg1+ Kh8 44. Na5 Rxh3 45. Nxc6 Bc5 46. Rg2 Rh1+
47. Kc2 h3 48. Rg3 Rh2+ 49. Kb1 Ne4 50. Rg4 Nf2 51. Bg7+ Kh7 52. Rg6 Be3 53. Rg3
Bc5 54. f6 Kg8 55. Bh6+ Kf7 56. Rf3 Ne4 57. Ne5+ Ke6 58. Bf4 Rh1+ 59. Kc2 Nxf6
60. b4 Bd6 61. Re3 Bxe5 62. Bxe5 Nd5 63. Re4 Rf1 64. Bg7+ Kf7 65. Bh8 h2 66. Rh4
h1=Q 67. Rxh1 Rxh1 68. Bd4 Rh2+ 69. Kb3 Ne7 70. a4 Nc8 71. b5 Rh3+ 72. Kb4 Rh4
73. Kc5 Rh6 74. bxa6 Rxa6 75. Kb5 Rd6 76. Bc5 Rd5 77. a5 Rd7 78. a6 Ke6 79. Kc6
Rf7 80. Bb6 Rd7 81. Bc7 Ne7+ 82. Kb7 Nd5 83. a7 Rxc7+ 84. Kb8 Rc6 85. a8=Q Rc8+
86. Kxc8 Nb6+ 1/2-1/2

[Event "AUTO-ADV-1954"]
[Site "http://www.queenalice.com/game.php?id=894557"]
[Date "2011.2.2"]
[Round "2"]
[White "GACPOLI"]
[Black "Tal0n"]
[Result "1-0"]
[WhiteElo "2073"]
[BlackElo "1644"]

1. d4 d5 2. c4 dxc4 3. Nf3 e5 4. Nxe5 Qd5 5. Nc3 Qa5 6. Nxc4 Qb4 7. e3 b5 8. Ne5
a6 9. Qf3 Ra7 10. Qxf7+ Kd8 11. a3 Qe7 12. Nd5 Be6 13. Nxe7 Bxf7 14. Nxf7+ Kxe7
15. Nxh8 Nh6 16. e4 g6 17. Bxh6 Bxh6 18. a4 b4 19. Bc4 Nc6 20. Nf7 Nxd4 21. Nxh6
Nc2+ 22. Kd2 Nxa1 23. Rxa1 a5 24. Ke3 Kd6 25. Kd4 c5+ 26. Ke3 Rb7 27. Rd1+ Ke5
28. f4+ Kf6 29. b3 Kg7 30. Ng4 h5 31. Ne5 Kf6 32. Rd6+ Ke7 33. Rxg6 Kd8 34. Rg8+
Ke7 35. Rg7+ 1-0

[Event "AUTO-ADV-1954"]
[Site "http://www.queenalice.com/game.php?id=894558"]
[Date "2011.2.2"]
[Round "2"]
[White "Tal0n"]
[Black "GACPOLI"]
[Result "1-0"]
[WhiteElo "1705"]
[BlackElo "2033"]

1. e4 e5 2. Nf3 Nc6 3. Bc4 Bc5 4. O-O Nf6 5. c3 Nxe4 6. d4 d5 7. Bb5 exd4 8.
cxd4 Bd6 9. Bxc6+ bxc6 10. Qe2 O-O 11. Qc2 Qf6 12. Ne1 Bf5 13. Qxc6 Bxh2+ 14.
Kxh2 Qxc6 15. Nc3 Qc4 16. Kg1 Qxd4 17. Nf3 Qf6 18. Nxd5 Qd6 19. Rd1 Rfd8 20. Be3
Qf8 21. Rac1 Bg4 22. Rxc7 Bxf3 23. gxf3 Nf6 24. Ne7+ Kh8 25. Rdc1 Nd5 26. Bc5
Nxc7 27. Ng6+ fxg6 28. Bxf8 Rxf8 29. Rxc7 Rxf3 30. b4 Raf8 31. Rxa7 Rxf2 32. b5
Rb2 33. Rb7 Rc8 34. Rf7 Rc1+ 35. Rf1 Rxf1+ 36. Kxf1 Rxa2 37. Ke1 Rb2 38. Kf1 Kg8
39. b6 Rxb6 40. Ke2 Rb3 41. Kd2 Kf7 42. Kc2 Rh3 43. Kd2 Ke6 44. Ke2 Kf5 45. Kf2
Kf4 46. Kg2 Rh5 47. Kf2 Rh2+ 48. Kg1 Ra2 49. Kf1 Ke3 50. Kg1 Kf3 51. Kh1 Kg3 52.
Kg1 1-0

[Event "AUTO-ADV-1954"]
[Site "http://www.queenalice.com/game.php?id=894559"]
[Date "2011.2.2"]
[Round "2"]
[White "elche"]
[Black "Tal0n"]
[Result "1-0"]
[WhiteElo "1748"]
[BlackElo "1680"]

1. e4 e5 2. Nf3 Nc6 3. Bc4 Nf6 4. O-O Nxe4 5. Qe2 d5 6. Bb5 Bd7 7. Bxc6 Bxc6 8.
Nxe5 Qf6 9. Nxc6 Qxc6 10. d3 O-O-O 11. dxe4 dxe4 12. Nc3 f5 13. Bg5 Rd7 14. Rad1
h6 15. Rxd7 Qxd7 16. Rd1 Bd6 17. Bf4 g5 18. Bxd6 cxd6 19. Qd2 Re8 20. Qxd6 Qxd6
21. Rxd6 Kc7 22. Rxh6 f4 23. Kf1 Kd7 24. Ke2 Re6 25. Rxe6 Kxe6 26. Nxe4 Kf5 27.
Nd6+ Ke6 28. Nxb7 Ke5 29. f3 Kf5 30. Nd6+ Ke6 31. Ne4 Kf5 32. c4 Ke5 33. Nxg5
Kd4 34. b3 Kc5 35. a3 a6 36. h4 1-0

[Event "AUTO-ADV-1954"]
[Site "http://www.queenalice.com/game.php?id=894560"]
[Date "2011.2.2"]
[Round "2"]
[White "Tal0n"]
[Black "elche"]
[Result "0-1"]
[WhiteElo "1648"]
[BlackElo "1746"]

1. e4 c5 2. d4 cxd4 3. Qxd4 Nc6 4. Qe3 Qc7 5. Ne2 e5 6. f4 d6 7. Nec3 exf4 8.
Qxf4 Nf6 9. Bb5 a6 10. Bxc6+ bxc6 11. Be3 Be7 12. Nd2 O-O 13. Nc4 Ng4 14. Nb6
Rb8 15. h3 Nxe3 16. Nbd5 Nxg2+ 17. Kf2 Nxf4 18. Nxc7 Rxb2 19. Rab1 Rxc2+ 20. Ke3
Nxh3 21. Kd3 Rg2 22. Na8 Nf4+ 23. Ke3 Bg5 24. Nb6 Be6 25. Nba4 Bxa2 26. Nxa2
Rxa2 27. Nc3 Ne2+ 28. Kd3 Nxc3 29. Kxc3 c5 30. Rb6 Bf4 31. Kc4 a5 32. Rhb1 g6
33. Rf1 Be5 34. Ra6 a4 35. Rf3 Rb8 36. Kd5 Rb4 37. Rh3 Rb3 38. Rh1 a3 39. Kc4
Re3 40. Kd5 Rd2+ 41. Kc6 a2 42. Kd7 a1=R 43. Rhxa1 Bxa1 44. Rxa1 Rxe4 45. Ra3 d5
46. Kd6 c4 47. Kc5 Rd3 48. Ra2 c3 49. Rc2 Rc4+ 50. Kb5 Rd2 51. Rxd2 cxd2 52. Ka5
d1=Q 53. Kb5 Qb1+ 54. Ka5 Rc2 55. Ka4 Ra2# 0-1

[Event "AUTO-INT-1804"]
[Site "http://www.queenalice.com/game.php?id=904349"]
[Date "2011.2.23"]
[Round "2"]
[White "Tal0n"]
[Black "colombHouse"]
[Result "0-1"]
[WhiteElo "1734"]
[BlackElo "2368"]

1. e4 e6 2. d4 d5 3. Nc3 Nf6 4. e5 Nfd7 5. Nf3 c5 6. Be3 Nc6 7. Bb5 cxd4 8. Bxc6
dxe3 9. Bxd7+ Bxd7 10. fxe3 Qb6 11. e4 Qxb2 12. Ne2 dxe4 13. Ng5 Bb4+ 14. Kf2
Qxe5 15. h4 Rd8 16. Qd4 Bc5 17. c3 Bb5 18. Rhe1 Bxe2 19. Rxe2 Rxd4 20. cxd4
Qxd4+ 21. Kg3 Bd6+ 22. Kg4 f5+ 23. Kh5 g6+ 24. Kh6 Bf8# 0-1

[Event "AUTO-INT-1804"]
[Site "http://www.queenalice.com/game.php?id=904350"]
[Date "2011.2.23"]
[Round "2"]
[White "colombHouse"]
[Black "Tal0n"]
[Result "1-0"]
[WhiteElo "2383"]
[BlackElo "1728"]

1. e4 e5 2. Nf3 Nc6 3. Bb5 a6 4. Bxc6 dxc6 5. O-O Bg4 6. h3 Bxf3 7. Qxf3 g6 8.
Qb3 b5 9. d3 Bg7 10. Be3 Ne7 11. Nd2 O-O 12. Qc3 f5 13. Nf3 f4 14. Bc5 Nd5 15.
exd5 e4 16. Nd4 Rf7 17. dxe4 cxd5 18. Qd3 Qf6 19. Rae1 c6 20. e5 Qg5 21. Nxc6 f3
22. g3 h5 23. Qxd5 Bf8 24. Ne7+ Bxe7 25. Qxa8+ Kg7 26. Bd4 Rf8 27. e6+ Kg8 28.
Qb7 Rf4 29. Re5 Rf5 30. Rxf5 Qxf5 31. Qxe7 Qf8 32. Qd7 g5 33. e7 g4 34. e8=Q
Qxe8 35. Qg7# 1-0

[Event "AUTO-INT-1787"]
[Site "http://www.queenalice.com/game.php?id=919820"]
[Date "2011.3.31"]
[Round "2"]
[White "Snoopy_GM"]
[Black "Tal0n"]
[Result "1-0"]
[WhiteElo "1888"]
[BlackElo "1738"]

1. d4 d5 2. c4 Nc6 3. Nf3 Bg4 4. e3 Bxf3 5. Qxf3 dxc4 6. Bxc4 f6 7. Nc3 Na5 8.
Bxg8 Rxg8 9. O-O Qd6 10. Qh5+ g6 11. Qxa5 e5 12. Qb5+ Qc6 13. Qxc6+ bxc6 14.
dxe5 fxe5 15. Ne4 Be7 16. a3 O-O-O 17. b4 Kb7 18. Bb2 Bd6 19. Rad1 Kb6 20. Rd3
a5 21. bxa5+ Kxa5 22. Rc1 Kb5 23. Rdc3 c5 24. Nxc5 Bxc5 25. Rxc5+ Kb6 26. Bxe5
Rd7 27. Rxc7 Rd5 28. Bd4+ Kb5 29. Rb1+ Ka4 30. Ra7+ 1-0

[Event "AUTO-INT-1787"]
[Site "http://www.queenalice.com/game.php?id=919821"]
[Date "2011.3.31"]
[Round "2"]
[White "Tal0n"]
[Black "Snoopy_GM"]
[Result "1-0"]
[WhiteElo "1715"]
[BlackElo "1853"]

1. e4 e5 2. Nf3 Nc6 3. Nc3 Nf6 4. d4 exd4 5. Nxd4 Nxd4 6. Qxd4 d6 7. e5 Qe7 8.
Be3 Qxe5 9. Qxe5+ dxe5 10. Bb5+ c6 11. Bc4 Bb4 12. O-O-O Bxc3 13. bxc3 O-O 14.
Rd2 b5 15. Bb3 a5 16. Rhd1 a4 17. Rd8 axb3 18. Bc5 Be6 19. Bxf8 b2+ 20. Kxb2
Rxa2+ 21. Kb1 h6 22. Bd6+ Kh7 23. Bxe5 Ne4 24. R1d3 Nxf2 25. R3d4 Ra3 26. Kb2
Ra2+ 27. Kb1 Ng4 28. Bd6 Ne3 29. c4 Bxc4 30. Rxc4 bxc4 31. Kxa2 Nxg2 32. Rc8 Ne3
33. Rxc6 Nxc2 34. Rxc4 Ne3 35. Rf4 f6 36. Kb3 Kg6 37. Bc5 Nf5 38. Kc3 Kg5 39.
Re4 Nh4 40. h3 f5 41. Be7+ Kg6 42. Rxh4 Kf7 43. Bc5 Kf6 44. Bd4+ Kg5 45. Bf2 g6
46. Kd3 h5 47. Ke3 Kf6 48. Rd4 Ke6 49. Kf4 Kf6 50. h4 Ke6 51. Kg5 Ke5 52. Kxg6
f4 53. Kg5 f3 54. Kxh5 1-0

[Event "AUTO-INT-1825"]
[Site "http://www.queenalice.com/game.php?id=955051"]
[Date "2011.6.29"]
[Round "3"]
[White "juim"]
[Black "Tal0n"]
[Result "1-0"]
[WhiteElo "1676"]
[BlackElo "1693"]

1. e4 e5 2. d3 d5 3. exd5 Qxd5 4. Nc3 Qd4 5. Be3 Qb4 6. Qc1 Bc5 7. Bxc5 Qxc5 8.
Qg5 g6 9. Nf3 f6 10. Qd2 Bg4 11. Be2 f5 12. O-O Nf6 13. d4 exd4 14. Na4 Ne4 15.
Qd3 Qb4 16. b3 Bxf3 17. Bxf3 Nd2 18. Rfe1+ Kd7 19. Bxb7 Qxb7 20. Nc5+ Kc8 21.
Nxb7 Kxb7 22. Qxd2 Nd7 23. Re7 Nb6 24. Qxd4 Rhd8 25. Qh4 Rd6 26. Qxh7 Nd5 27.
Rd7 Nf6 28. Rxc7+ Kb6 29. Rb7+ Ka6 30. Qc7 Rad8 31. Rxa7+ Kb5 32. a4+ 1-0

[Event "AUTO-INT-1825"]
[Site "http://www.queenalice.com/game.php?id=955052"]
[Date "2011.6.29"]
[Round "3"]
[White "Tal0n"]
[Black "juim"]
[Result "1-0"]
[WhiteElo "1676"]
[BlackElo "1665"]

1. e4 d5 2. Qf3 dxe4 3. Qxe4 Nf6 4. Qa4+ Nc6 5. Bb5 Bd7 6. Ne2 a6 7. Bxc6 Bxc6
8. Qc4 Bxg2 9. Rg1 Bf3 10. Nd4 Bd5 11. Qa4+ c6 12. c4 b5 13. cxb5 axb5 14. Qb4
Ra4 15. Qc5 e5 16. Qc2 Rxd4 17. Nc3 b4 18. Nxd5 Qxd5 19. Rg3 Re4+ 20. Kd1 Ng4
21. d3 Rd4 22. b3 Rf4 23. Bxf4 exf4 24. Rg1 Bd6 25. Rxg4 Qf3+ 26. Qe2+ Qxe2+ 27.
Kxe2 O-O 28. h4 Be5 29. Rc1 f5 30. Rg5 g6 31. h5 h6 32. Rxg6+ Bg7 33. Rcxc6 Ra8
34. Rc2 Re8+ 35. Kf3 Re1 36. Kxf4 Rh1 37. Rd2 Rxh5 38. d4 Kf7 39. Rb6 Bf8 40.
Ke5 Rg5 41. Rf6+ Kg8 42. Rxf5 Rg6 43. f4 Bg7+ 44. Ke4 Bf6 45. d5 Bc3 46. Rd1 Ra6
47. d6 Rxa2 48. d7 Re2+ 49. Kf3 Re6 50. d8=Q+ Kg7 51. Qd7+ 1-0

[Event "AUTO-INT-1825"]
[Site "http://www.queenalice.com/game.php?id=955055"]
[Date "2011.6.29"]
[Round "3"]
[White "Tal0n"]
[Black "Betim_Xadrez"]
[Result "0-1"]
[WhiteElo "1679"]
[BlackElo "1770"]

1. e4 e5 2. Nf3 Nc6 3. d4 exd4 4. Nxd4 Qf6 5. Nxc6 Qxc6 6. Nc3 Bb4 7. Bd2 Bxc3
8. Bxc3 f6 9. Qh5+ g6 10. Qe2 d6 11. Bxf6 Nxf6 12. e5 dxe5 13. Qxe5+ Qe6 14. f4
Qxe5+ 15. fxe5 Ne4 16. Bd3 Bf5 17. g4 Bxg4 18. Bxe4 c6 19. O-O O-O-O 20. Kg2
Rde8 21. Rf4 Bd7 22. Bf3 Rxe5 23. Rf1 h5 24. Be4 h4 25. h3 g5 26. Rf8+ Rxf8 27.
Rxf8+ Kc7 28. Bf3 b5 29. b4 Re3 30. Kf2 Ra3 31. Rg8 Bxh3 32. Rxg5 Rxa2 33. Rg7+
Kb6 34. Be4 Rb2 35. Ke2 Rxb4 36. Kd3 Bf1+ 37. Kc3 Rxe4 38. Rg1 Rc4+ 39. Kd2 Bh3
40. c3 a5 41. Rh1 Be6 42. Kc2 a4 43. Rb1 c5 44. Ra1 Ka5 45. Kd3 h3 46. Rh1 Rh4
47. c4 Bxc4+ 48. Kc3 h2 49. Rxh2 b4+ 50. Kb2 Rxh2+ 51. Ka1 b3 52. Kb1 a3 53. Ka1
Rh1# 0-1

[Event "AUTO-INT-1825"]
[Site "http://www.queenalice.com/game.php?id=955056"]
[Date "2011.6.29"]
[Round "3"]
[White "Betim_Xadrez"]
[Black "Tal0n"]
[Result "1-0"]
[WhiteElo "1764"]
[BlackElo "1692"]

1. e4 e5 2. Nf3 Nc6 3. Bb5 Nd4 4. Nxd4 exd4 5. d3 c5 6. c3 dxc3 7. Nxc3 a6 8.
Ba4 b5 9. Bc2 b4 10. Ne2 Nf6 11. Bg5 Be7 12. O-O O-O 13. Re1 Qc7 14. Ng3 d5 15.
exd5 Nxd5 16. Bxe7 Nxe7 17. d4 Nd5 18. Qd3 Nf6 19. Nh5 g6 20. Nxf6+ Kg7 21. Nd5
Qd6 22. dxc5 Qxc5 23. Nf4 Bf5 24. Nh5+ Kh6 25. Qd2+ g5 26. Bxf5 Qxf5 27. h3 Rad8
28. Ng3 Qf4 29. Qxf4 gxf4 30. Nf5+ Kg5 31. Ne7 Rd2 32. Re5+ Kf6 33. Nc6 Rxb2 34.
Re4 b3 35. axb3 Rc8 36. Rxf4+ Kg5 37. Rg4+ Kf6 38. Nd4 Ke5 39. Rxa6 Re8 40. f3
f5 41. Ra5+ Kf6 42. Rxf5+ Ke7 43. Rg7+ Kd8 44. Rff7 Rb1+ 45. Kh2 Rbe1 46. Rxh7
R1e7 47. Rxe7 Rxe7 48. Nc6+ Ke8 49. Rxe7+ Kf8 50. b4 1-0

[Event "QA-ANNIV-06"]
[Site "http://www.queenalice.com/game.php?id=966930"]
[Date "2011.7.31"]
[Round "5"]
[White "jeancarlo1910"]
[Black "Tal0n"]
[Result "1-0"]
[WhiteElo "1837"]
[BlackElo "1704"]

1. Nc3 e5 2. b3 d5 3. Bb2 Nc6 4. e3 Nf6 5. Bb5 Bd7 6. Bxc6 Bxc6 7. d4 Ng4 8.
Qxg4 Bb4 9. Qxg7 Ke7 10. Qxe5+ Kd7 11. Ne2 Re8 12. Qf5+ Ke7 13. O-O-O Qd6 14. h4
Bd7 15. Qxh7 c5 16. Qg7 Rg8 17. Qe5+ Qxe5 18. dxe5 Rxg2 19. Nxd5+ Kd8 20. Nf6
Rxf2 21. Rxd7+ Kc8 22. Rg1 Ba5 23. Rg8+ Bd8 24. Rgxd8# 1-0